00544nam a2200181 i 450000500170000000800410001702000140005804000250007208200170009710000300011424500520014426400540019630000240025033600210027433700250029533800230032065000190034320220222122041.0220222s1965 my e |||| 1 may d qpaperback aPPAKbengcPPAKerda04223a899.23330 aAbdullah Hussaineauthor.10aJANGAN-LAH, JANGAN...! /coleh ABDULLAH HUSSAIN 1aKuala Lumpur :bPenerbitan Angkatan Baru , c1965 a135 pages ;c18 cm. 2rdacontentatext 2rdamediaaunmediated 2rdacarrieravolume10aMalay fiction